<?xml version="1.0" encoding="UTF-8"?>
<record
    xmlns:xsi="http://www.w3.org/2001/XMLSchema-instance"
    xsi:schemaLocation="http://www.loc.gov/MARC21/slim http://www.loc.gov/standards/marcxml/schema/MARC21slim.xsd"
    xmlns="http://www.loc.gov/MARC21/slim">

  <leader>01115nam a2200301 a 4500</leader>
  <datafield tag="999" ind1=" " ind2=" ">
    <subfield code="c">22840</subfield>
    <subfield code="d">22840</subfield>
  </datafield>
  <controlfield tag="001">vtls011910480</controlfield>
  <controlfield tag="005">20200129125126.0</controlfield>
  <controlfield tag="008">200113 2019                  000 0 slo c</controlfield>
  <datafield tag="020" ind1=" " ind2=" ">
    <subfield code="a">9788097075644(viazan&#xE9;)</subfield>
  </datafield>
  <datafield tag="040" ind1=" " ind2=" ">
    <subfield code="a">BJKDG</subfield>
    <subfield code="b">slo</subfield>
    <subfield code="c">BJKDG</subfield>
    <subfield code="e">rda</subfield>
  </datafield>
  <datafield tag="041" ind1="1" ind2=" ">
    <subfield code="a">slo</subfield>
  </datafield>
  <datafield tag="044" ind1=" " ind2=" ">
    <subfield code="a">xo</subfield>
    <subfield code="c">SK</subfield>
  </datafield>
  <datafield tag="072" ind1=" " ind2="7">
    <subfield code="a">641</subfield>
    <subfield code="x">Kuch&#xE1;rstvo. Potraviny. Varen&#xE9; jedl&#xE1;</subfield>
    <subfield code="2">konspekt</subfield>
  </datafield>
  <datafield tag="080" ind1=" " ind2=" ">
    <subfield code="a">641.55</subfield>
    <subfield code="2">2011</subfield>
  </datafield>
  <datafield tag="100" ind1="1" ind2=" ">
    <subfield code="4">aut</subfield>
  </datafield>
  <datafield tag="245" ind1="1" ind2=" ">
    <subfield code="a">Tajomstvo mojej kuchyne</subfield>
    <subfield code="b">recepty, ktor&#xE9; vo&#x148;aj&#xFA; cez telev&#xED;znu obrazovku</subfield>
    <subfield code="c">autori fotografi&#xED;: Milan Krup&#x10D;&#xED;k, Milan Reichman, Katar&#xED;na &#x10E;urovi&#x10D;ov&#xE1;, Vanesa Vojt&#xED;&#x161;kov&#xE1;</subfield>
  </datafield>
  <datafield tag="250" ind1=" " ind2=" ">
    <subfield code="a">prv&#xE9; vydanie</subfield>
  </datafield>
  <datafield tag="264" ind1=" " ind2="1">
    <subfield code="a">Bratislava</subfield>
    <subfield code="b">Daccord</subfield>
    <subfield code="c">2019</subfield>
  </datafield>
  <datafield tag="300" ind1=" " ind2=" ">
    <subfield code="a">179</subfield>
    <subfield code="c">24 cm</subfield>
  </datafield>
  <datafield tag="610" ind1="2" ind2="7">
    <subfield code="a">Slovensk&#xE1; telev&#xED;zia (Bratislava, Slovensko)</subfield>
    <subfield code="2">SNKKA</subfield>
    <subfield code="9">1580</subfield>
  </datafield>
  <datafield tag="630" ind1=" " ind2="7">
    <subfield code="a">Tajomstvo mojej kuchyne (telev&#xED;zna rel&#xE1;cia)</subfield>
    <subfield code="9">1581</subfield>
  </datafield>
  <datafield tag="650" ind1="0" ind2="7">
    <subfield code="a">jedl&#xE1;</subfield>
    <subfield code="2">SNKPH</subfield>
    <subfield code="9">1582</subfield>
  </datafield>
  <datafield tag="650" ind1="0" ind2="7">
    <subfield code="a">telev&#xED;zne rel&#xE1;cie</subfield>
    <subfield code="2">SNKPH</subfield>
    <subfield code="9">1583</subfield>
  </datafield>
  <datafield tag="655" ind1=" " ind2="7">
    <subfield code="a">kuch&#xE1;rske recepty</subfield>
    <subfield code="2">SNKPH</subfield>
    <subfield code="9">1584</subfield>
  </datafield>
  <datafield tag="700" ind1="1" ind2=" ">
    <subfield code="a">Krup&#x10D;&#xED;k, Milan</subfield>
    <subfield code="4">pht</subfield>
    <subfield code="9">1585</subfield>
  </datafield>
  <datafield tag="700" ind1="1" ind2=" ">
    <subfield code="a">&#x10E;urovi&#x10D;ov&#xE1;, Katar&#xED;na</subfield>
    <subfield code="4">pht</subfield>
    <subfield code="9">1586</subfield>
  </datafield>
  <datafield tag="700" ind1="1" ind2=" ">
    <subfield code="a">Vojt&#xED;&#x161;kov&#xE1;, Vanesa</subfield>
    <subfield code="4">pht</subfield>
    <subfield code="9">1587</subfield>
  </datafield>
  <datafield tag="952" ind1=" " ind2=" ">
    <subfield code="0">0</subfield>
    <subfield code="1">0</subfield>
    <subfield code="2">udc</subfield>
    <subfield code="4">0</subfield>
    <subfield code="7">0</subfield>
    <subfield code="8">K</subfield>
    <subfield code="a">10000</subfield>
    <subfield code="b">10000</subfield>
    <subfield code="d">2020-01-29</subfield>
    <subfield code="i">21191</subfield>
    <subfield code="l">1</subfield>
    <subfield code="m">1</subfield>
    <subfield code="o">H417</subfield>
    <subfield code="p">H417</subfield>
    <subfield code="r">2020-10-20</subfield>
    <subfield code="s">2020-09-03</subfield>
    <subfield code="w">2020-01-29</subfield>
    <subfield code="y">OLDO</subfield>
  </datafield>
</record>
